[Event "Washington Class"]
[Site "?"]
[Date "1996.11.30"]
[Round "1"]
[White "Bailey, B."]
[Black "Nelson, J."]
[Result "1-0"]
[WhiteElo "1880"]
[BlackElo "1800"]
[Annotator "Stockfish 14 (15s)"]
[PlyCount "61"]

{B06: Modern Defence} 1. e4 g6 2. d4 Bg7 3. f4 d5 4. e5 h5 5. Nf3 Bg4 6. Bd3 e6
7. Be3 (7. O-O Ne7 8. h3 Bxf3 9. Qxf3 h4 10. Be3 Nd7 11. Nc3 a6 12. Rad1 Rc8
13. Na4 Nf5 14. Bf2 Bf8 15. a3 c5 16. c4 b5 17. cxb5 c4 18. Bxf5 gxf5 19. bxa6
Qa5 20. Nc3 Qxa6 21. Rfe1 Be7 {
Byambacogt,T-Gagunashvili,M (2580) Istanbul 2004 0-1 (38)}) 7... Nh6 8. Qe2 c6
$146 (8... Nf5 9. Bxf5 gxf5 10. Qb5+ Nd7 11. Nbd2 Bxf3 12. Nxf3 Rb8 13. b3 a6
14. Qd3 c6 {1/2-1/2 (14) Dizdarevich,M (1917)-Lip,M (1964) Adelaide 2004}) 9.
c3 Nd7 10. Nbd2 Qb6 11. O-O-O Nf5 (11... Bf5 $5 $14) 12. Bf2 $16 Bh6 $2 (12...
Ne7 $142 $16) 13. g3 $4 (13. h3 $142 $5 Bxf3 14. Qxf3 Ne7 $18) 13... Qa5 $2 (
13... h4 $5 $11) 14. Kb1 (14. h3 Bxf3 15. Qxf3 (15. Nxf3 $6 Qxa2 16. Kc2 Qa4+
17. Kb1 Ne7 $14) 15... Qxa2 16. Kc2 $18) 14... O-O-O $2 (14... h4 $142 $16) 15.
h3 $18 Bxf3 16. Nxf3 (16. Qxf3 Ne7 $18) 16... Ne7 17. Ng5 (17. Qe3 $142 $5 Nb6
$18) 17... Bxg5 $16 18. fxg5 Kb8 19. Rdf1 Rdf8 20. Be1 Qc7 (20... c5 21. Rf4
$16) 21. Rf3 (21. Rf4 c5 $16) 21... Nf5 (21... c5 22. Rhf1 Rh7 23. Rf4 $16) 22.
Rhf1 Qd8 (22... Rh7 $142 $16) 23. g4 $18 (23. Bxf5 $6 gxf5 24. Bd2 c5 $16)
23... hxg4 24. hxg4 Nh4 $4 (24... Ne7 25. Rxf7 Rxf7 26. Rxf7 c5 $18) 25. Rxf7
Rxf7 26. Rxf7 c5 (26... a6 $18) 27. Bb5 Nf8 (27... Nb6 28. dxc5 Qg8 29. Qf2 $18
(29. cxb6 $6 Qxf7 30. Bxh4 Rxh4 $11)) 28. dxc5 Qxg5 (28... Rh7 29. Rxh7 Nxh7
30. Bxh4 Kc7 $18) 29. c6 (29. Ba6 Qe3 30. Rxb7+ Ka8 31. Qxe3 Nf5 32. gxf5 Nd7
33. Rxd7 Rc8 34. c6 d4 35. Qxd4 Rc7 36. Rd8+ Rc8 37. Rxc8#) 29... bxc6 (29...
Nd7 30. Rxd7 Nf5 31. Rxb7+ Ka8 32. Rd7 Rc8 33. Ba6 Qe3 34. Qxe3 Nxe3 35. c7 Nc4
36. Rd8 Nb6 37. g5 d4 38. cxd4 Rxd8 39. cxd8=Q+ Nc8 40. Qxc8#) 30. Bxc6 Nf5 (
30... Qd8 31. Qa6 Qb6 32. Rb7+ Kc8 33. Rxb6+ Kd8 34. Qxa7 d4 35. Rb8#) 31. Qb5+
(31. Qb5+ Kc8 32. Qb7+ Kd8 33. Qb8#) 1-0

[Event "Washington Class"]
[Site "?"]
[Date "1996.11.30"]
[Round "2"]
[White "Zulqernain, N."]
[Black "Bailey, B."]
[Result "1/2-1/2"]
[WhiteElo "1604"]
[BlackElo "1880"]
[Annotator "Stockfish 14 (15s)"]
[PlyCount "94"]

{D02: 1 d4 d5 2 Nf3 sidelines, including 2...Nf6 3 g3 and 2...Nf6 3 Bf4} 1. d4
d5 2. Nf3 Nf6 3. h3 c5 4. e3 (4. c3 Nc6 5. dxc5 a5 6. Bf4 Ne4 7. e3 f6 8. Bb5
e5 9. Bxe5 fxe5 10. Nxe5 Bd7 11. Qxd5 Nxe5 12. Qxe5+ Qe7 13. Bxd7+ Kxd7 14.
Qd5+ Kc7 15. Na3 Nxc5 16. Rd1 Qe4 17. Qf7+ Be7 18. Rd4 Raf8 {
Paulsen,D (2330)-Zierke,O (2315) Berlin 1999 1/2-1/2 (41)}) 4... Nc6 5. a3 (5.
c3 e6 6. Nbd2 Bd6 7. Bd3 O-O 8. O-O e5 9. dxe5 Nxe5 10. Nxe5 Bxe5 11. Qe2 Re8
12. Nf3 Bc7 13. Rd1 Qe7 14. Bb5 Rd8 15. Ba4 Bf5 16. Bc2 Be4 17. Ng5 Bxc2 18.
Qxc2 h6 19. Nf3 Rac8 {
Van de Griendt,M (2067)-Bensdorp,M (2161) Leeuwarden 2004 0-1 (37)}) 5... cxd4
$146 (5... c4 6. b4 Bf5 7. Nc3 e6 8. Be2 Ne4 9. Bd2 Nxc3 10. Bxc3 b5 11. O-O
Bd6 12. Ne5 Ne7 13. f4 O-O 14. Qd2 f6 15. Nf3 Qd7 16. Rfe1 Bc7 17. Bf1 Be4 18.
Nh2 Kh8 19. Be2 Rg8 20. Bf3 {
Czernicki,B (2126)-Grobelny,A (2202) Polanica Zdroj 1999 0-1}) 6. Nxd4 (6. exd4
Bf5 $11) 6... e5 $15 7. Nxc6 bxc6 8. c4 Bd6 9. cxd5 cxd5 10. Nc3 $2 (10. Bb5+
$142 $5 Bd7 11. Bxd7+ Qxd7 12. O-O $15) 10... O-O $17 11. Be2 Be6 12. O-O (12.
Bd2 Rb8 13. O-O Qd7 $17) 12... Rc8 $19 13. f4 (13. Re1 $142 Bb8 14. Bf1 $19)
13... d4 $4 (13... exf4 $142 14. Bd3 Re8 15. exf4 d4 $19) 14. fxe5 Bxe5 15. Nb5
$2 (15. exd4 Bxd4+ 16. Kh1 Qb6 $15) 15... dxe3 $4 (15... d3 $142 16. Bxd3 Qb6
$19) 16. Nxa7 $4 (16. Qxd8 $142 Rfxd8 17. Bxe3 $15) 16... Qxd1 $19 17. Rxd1 Rc2
18. Kf1 (18. Bd3 Bd4 19. Bxh7+ Kxh7 20. Rxd4 Bd5 21. Bxe3 Rxg2+ 22. Kf1 Rxb2
$19) 18... Bxb2 (18... Ne4 $142 19. Bxe3 Ng3+ 20. Kg1 Nxe2+ 21. Kh1 Rb8 $19)
19. Bxb2 $2 (19. Rb1 Bxc1 20. Rbxc1 $17) 19... Rxb2 20. Nc6 (20. Rd3 Nd5 21.
Bf3 e2+ 22. Ke1 Nf4 $19) 20... Re8 (20... Ne4 21. Bf3 e2+ 22. Bxe2 Ng3+ 23. Kf2
Nxe2 24. Rdb1 $19) 21. a4 $4 (21. Re1 Bd5 22. Nb4 Be4 $19) 21... Bd5 (21... Ne4
$142 22. Bf3 e2+ 23. Bxe2 Ng3+ 24. Kf2 Nxe2 $19 (24... Rxe2+ $6 25. Kxg3 Bc4
26. a5 $11)) 22. Nd4 Ne4 23. Bb5 (23. Kg1 Nc3 24. Re1 $19) 23... Ng3+ 24. Ke1
Rxg2 $3 25. Ne2 (25. -- $140 Rg1+ {Mate threat}) 25... Rd8 (25... Nxe2 26. Rxd5
Ng3 $19) 26. Ra3 (26. Nxg3 Rxg3 27. Bf1 g6 $19) 26... Nxe2 27. Bxe2 (27. Rxd5
Rxd5 28. Rxe3 g6 $19) 27... Rg1+ 28. Bf1 e2 (28... Re8 $142 $5 29. Rxe3 Rxe3+
30. Kf2 $19) 29. Kxe2 Bc4+ 30. Kf2 Rxf1+ (30... Rxd1 $142 31. Bxc4 Kf8 $19) 31.
Rxf1 $11 Bxf1 32. Kxf1 Kf8 33. a5 Ra8 34. a6 Ra7 35. Ke2 Ke7 36. Ke3 f5 37. Kf4
g6 38. Ra5 Kd6 39. h4 Kc6 40. h5 Kb6 41. Re5 Rxa6 42. hxg6 hxg6 43. Kg5 Kc7 44.
Rd5 Rd6 45. Rc5+ Kd7 46. Ra5 Ke7 47. Ra7+ Ke6 1/2-1/2

[Event "Washington Class"]
[Site "?"]
[Date "1996.11.30"]
[Round "3"]
[White "Bailey, B."]
[Black "Butler, D."]
[Result "1/2-1/2"]
[WhiteElo "1880"]
[BlackElo "1800"]
[Annotator "Stockfish 14 (15s)"]
[PlyCount "97"]

{B70: Sicilian Dragon: 6 g3 and 6 Be2 (without a later Be3)} 1. e4 c5 2. Nf3 d6
3. d4 cxd4 4. Nxd4 Nf6 5. Nc3 g6 6. Be2 Bg7 7. O-O O-O 8. f4 Nc6 (8... Qb6 9.
Be3 (9. Na4 Qa5 10. Nc3 {1/2-1/2 (12) Kaps,D (2287)-Vocaturo,D (2276) Rome 2005
}) 9... Qxb2 10. Ncb5 Qb4 11. Nc7 Nxe4 12. Bf3 Nc3 13. Qd2 e5 14. Nb3 e4 15.
Bd1 Na6 16. Nxa8 Be6 17. f5 Bxf5 18. Rxf5 gxf5 19. Bh5 f4 20. Bxf4 Qb5 21. Bh6
Qxh5 22. Bxg7 Ne2+ 23. Kf1 {
Cela,A (2475)-Anagnostopoulos,D (2515) Athens 1997 0-1}) 9. Nf3 Bd7 $146 (9...
a6 10. Bd3 b5 11. f5 Qb6+ 12. Kh1 Ng4 13. Qe2 Rb8 14. Nd5 Qb7 15. Nh4 Nf6 16.
Nxf6+ Bxf6 17. Qg4 Qc7 18. Qg3 Kg7 19. c3 Ne5 20. Be2 Bb7 21. Bf3 Qc4 22. Bg5
Bxe4 23. Bxf6+ exf6 24. Bxe4 {Raphaela,R-Manosalvas,E Yerevan 1996 0-1 (52)}) (
9... Ng4 10. Ng5 Bd4+ 11. Kh1 Nf2+ 12. Rxf2 Bxf2 13. Bh5 h6 {
0-1 (13) Urbankova,E (2150)-Cedikova,K Svetla nad Sazavou 1994}) (9... b5 10.
a3 $11 (10. Bxb5 $2 Qb6+ 11. Kh1 Nxe4 12. Nxe4 Qxb5 $19)) 10. h3 (10. Kh1 a6
$11) 10... Rc8 (10... b5 11. Bd3 $11 (11. Bxb5 $143 Nxe4 12. Nxe4 Qb6+ 13. Kh1
Qxb5 $19)) 11. Be3 a6 (11... Na5 12. e5 Nh5 13. Re1 $11) 12. a3 (12. Qe1 Nb4
13. Rc1 Be6 $14) 12... Qc7 (12... Re8 13. Bd3 $11) 13. Rb1 (13. Qe1 $142 $14)
13... Na5 $4 (13... e5 14. Qe1 exf4 15. Bxf4 $11) 14. Bd3 (14. e5 $142 dxe5 15.
fxe5 $18) 14... Nc4 $11 15. Bc1 (15. Bxc4 $142 Qxc4 16. e5 $11) 15... Nxa3 $17
16. bxa3 Qxc3 17. Rxb7 $2 (17. e5 $142 Qc5+ 18. Kh1 dxe5 19. fxe5 $17) 17...
Qc6 $19 18. Rb4 Qc5+ $4 (18... a5 $142 19. Rd4 Qc5 $19) 19. Kh2 $15 Bb5 20. Re1
Nd7 21. Be3 Qc7 22. Re2 (22. Bxb5 axb5 23. Rxb5 Ra8 $11) 22... Nc5 (22... Bc6
23. Bxa6 Ra8 24. Bd3 $11) 23. Bxb5 $11 axb5 24. Bd4 (24. Nd4 Nxe4 25. Nxb5 Nc3
26. Nxc7 Nxd1 $11) 24... e5 (24... Bh6 25. Be3 $15) 25. fxe5 dxe5 26. Be3 (26.
Bxc5 Qxc5 27. Qd3 Rb8 $11) 26... Rfd8 (26... Na4 $5 27. Qe1 Nc3 $17) 27. Rd2
$11 Rxd2 28. Nxd2 Na4 29. c4 (29. Rxb5 $4 Nc3 30. Qf1 Nxb5 31. Qxb5 Qc3 $19)
29... Bf8 30. Rxb5 $4 (30. cxb5 $142 Bxb4 31. axb4 $15) 30... Nc3 $19 31. Qb3
Nxb5 32. Qxb5 (32. cxb5 Qc1 33. Nb1 Qc4 34. Qxc4 Rxc4 $19) 32... Bxa3 33. Bb6 (
33. Nf3 Qc6 $19) 33... Qc6 34. Qb3 (34. Be3 Qxb5 35. cxb5 Bc5 $19) 34... Bc1
35. Be3 Bxd2 36. Bxd2 Qxc4 37. Qb7 Qc7 (37... Kg7 38. Bg5 h6 39. Bh4 $19) 38.
Qb4 Kg7 39. Qb3 Rd8 40. Qe3 f5 (40... Qd6 $142 41. Qh6+ Kg8 $19) 41. Qh6+ (41.
exf5 e4+ 42. Kh1 Qc6 $19) 41... Kg8 42. exf5 Qg7 (42... Qf7 $5 43. fxg6 hxg6
44. Bc1 $19) 43. Qg5 $17 Rxd2 44. Qxd2 gxf5 45. Qd8+ Kf7 46. Qd5+ Kg6 47. Qe6+
Qf6 48. Qe8+ Kh6 49. Qd7 1/2-1/2

[Event "Washington Class"]
[Site "?"]
[Date "1996.12.01"]
[Round "4"]
[White "Peterson, P."]
[Black "Bailey, B."]
[Result "0-1"]
[WhiteElo "1939"]
[BlackElo "1880"]
[Annotator "Stockfish 14 (15s)"]
[PlyCount "70"]

{C70: Ruy Lopez: 3...a6 4 Ba4, Norwegian and Delayed Schliemann} 1. e4 e5 2.
Nf3 Nc6 3. Bb5 a6 4. Ba4 b5 5. Bb3 Bc5 6. O-O d6 7. c3 Ba7 (7... Bb6 8. d4 exd4
9. Nxd4 Nxd4 10. cxd4 Ne7 11. Nc3 Bb7 12. Bg5 Qd7 13. Bxe7 Qxe7 14. Nd5 Bxd5
15. Bxd5 Rb8 16. Bc6+ Kf8 17. Qd2 h5 18. Rfe1 Rh6 19. Re3 Qg5 20. f4 Qxf4 21.
Rf1 Qg5 22. Rf5 {Lobron,E (2470)-Mariotti,S (2455) Biel 1982 1/2-1/2 (60)}) (
7... Be6 8. Bxe6 fxe6 9. d4 Bb6 10. dxe5 {
1/2-1/2 (10) Wippermann,T-Brunow,G Germany 1995}) 8. d4 Bb7 $146 (8... Nf6 9.
Re1 O-O 10. a4 Bg4 11. d5 Ne7 12. h3 Bd7 13. Bg5 Ng6 14. Nbd2 h6 15. Be3 Bxe3
16. Rxe3 Nf4 17. Ne1 N6h5 18. g4 Qg5 19. Qf3 f5 20. exf5 Bxf5 21. axb5 Nxh3+
22. Qxh3 Bxg4 23. Ne4 {Capablanca,J-Kagan/NN Berlin 1928 1/2-1/2}) (8... Nf6 $5
$14) 9. Ng5 $16 Nh6 10. Be3 (10. Qh5 $5 Qf6 11. Ne6 $16) 10... Na5 (10... O-O
$5 11. Bd5 Rb8 $11) 11. Bc2 $14 Nc4 12. Bc1 Nxb2 $4 (12... O-O $142 13. b3 Nb6
$14) 13. Nxf7 (13. Qh5 $142 Nc4 14. Ne6 $18) 13... Nxf7 $4 (13... Nxd1 $142 14.
Nxd8 Nxc3 (14... Kxd8 $6 15. Rxd1 exd4 16. cxd4 $11) 15. Nxb7 Ne2+ 16. Kh1 Bxd4
17. Bxh6 gxh6 $17 (17... Bxa1 $6 18. Bxg7 Rg8 19. Bh6 $17)) 14. Bxb2 $11 O-O
15. Nd2 Ng5 16. h4 (16. a4 Kh8 17. axb5 axb5 $11) 16... Ne6 17. Bb3 Qf6 18. Qg4
(18. Qf3 Kh8 19. Qxf6 Rxf6 (19... gxf6 $4 20. Bxe6 Bc8 21. Bxc8 Rfxc8 22. Rfd1
$18) 20. Bxe6 Rxe6 $11) 18... Rae8 $17 19. Nf3 Kh8 20. dxe5 dxe5 21. Ba3 (21.
Bxe6 $5 Qxe6 22. Qxe6 Rxe6 23. a4 bxa4 24. Rxa4 $15) 21... Bc5 $17 22. Ng5 $4 (
22. Bc1 $142 h6 23. a4 $17) 22... Bxa3 $19 23. Nxe6 (23. Bxe6 h6 24. Bd7 $19)
23... Bc8 24. f4 (24. Qxg7+ Qxg7 25. Nxg7 Kxg7 $19) 24... Bxe6 25. f5 Bxb3 26.
axb3 Bb2 27. Rab1 (27. Rad1 Bxc3 28. Rd5 Bd4+ 29. Kh2 c5 $19) 27... Bxc3 28.
Rf3 (28. Qh3 b4 $19) 28... Bd4+ 29. Kh2 c5 30. h5 (30. Qg5 Qc6 $19) 30... Rc8 {
Black prepares the advance c4} 31. Qh3 (31. h6 Qxh6+ 32. Rh3 Qf4+ 33. Qxf4 exf4
$19) 31... c4 32. g4 (32. bxc4 Rxc4 33. Ra3 $19) 32... c3 33. Rg3 c2 34. Rc1 (
34. Rf1 Qg5 35. Rg2 c1=Q 36. Rxc1 Rxc1 37. Qg3 Rfc8 38. f6 gxf6 39. Kh3 R8c3
40. Qxc3 Bxc3 41. Rg3 Qh4+ 42. Kg2 Qh1+ 43. Kf2 Qf1+ 44. Ke3 Re1#) 34... Qg5
35. Rxc2 (35. Qf1 Be3 36. Rxe3 Qxe3 37. Qe1 Qf4+ 38. Kh1 Rfd8 39. Qf1 Qe3 40.
f6 Rd2 41. fxg7+ Kg8 42. b4 Qxe4+ 43. Kg1 Qxg4+ 44. Kh1 Qh4+ 45. Qh3 Qxh3+ 46.
Kg1 Qg2#) 35... Rxc2+ (35... Rxc2+ 36. Rg2 Bf2 37. Rxf2 Rxf2+ 38. Qg2 Rxg2+ 39.
Kxg2 Rc8 40. b4 Rc2+ 41. Kh3 Qe3+ 42. Kh4 Rh2#) 0-1

[Event "Washington Class"]
[Site "?"]
[Date "1996.12.01"]
[Round "5"]
[White "Bailey, B."]
[Black "Dietsch, K."]
[Result "1/2-1/2"]
[WhiteElo "1880"]
[BlackElo "1901"]
[Annotator "Stockfish 14 (15s)"]
[PlyCount "113"]

{C40: Latvian and Elephant Gambits} 1. e4 e5 2. Nf3 d5 3. Nxe5 Bd6 4. d4 dxe4
5. Nc3 Bxe5 6. dxe5 Qxd1+ 7. Nxd1 Nc6 8. Bf4 Nge7 9. Nc3 Ng6 10. Bg3 Bf5 11.
Bb5 O-O-O 12. Bxc6 bxc6 13. Rd1 $146 (13. O-O h5 14. h4 Rd2 15. Rac1 Re8 16.
Rfe1 Rd4 17. Ne2 Ra4 18. b3 Rxa2 19. Nd4 Ne7 20. Nxf5 Nxf5 21. Rxe4 Nxg3 22.
fxg3 Ra5 23. Rce1 Rd5 24. g4 hxg4 25. Rxg4 g6 26. Rf1 Re7 27. Rgf4 Rdd7 {
Eppinger,G (2277)-Vogiatzis,D (2047) Nuremberg 2006 1-0 (41)}) 13... Rxd1+ 14.
Kxd1 Re8 15. Re1 Nxe5 16. Nxe4 (16. Bxe5 Rxe5 17. f3 Kd7 $11) 16... Nc4 17. f3
Bxe4 18. Rxe4 Rxe4 19. fxe4 Nxb2+ 20. Kd2 Nc4+ (20... Na4 21. Kd3 $11) 21. Kd3
$11 Nd6 22. a4 Kd7 23. Bf2 a6 24. Kd4 (24. g4 $5 $11) 24... c5+ $17 25. Kd3 c4+
(25... Kc6 $142 $5 $17) 26. Kd4 $11 Ke6 27. Be1 f5 28. exf5+ Nxf5+ 29. Ke4 c5
30. Bc3 (30. h4 Nd6+ 31. Kf4 Nc8 $11) 30... Nd6+ (30... g6 $5 $17) 31. Kf4 $15
g5+ (31... g6 32. g3 $11) 32. Kg4 $11 h6 33. Bg7 Nf5 34. Bf8 Ne3+ 35. Kh5 Nxg2
36. Bxh6 Kf5 37. Bxg5 Ne1 38. c3 Nf3 39. h4 Ne5 40. Be7 (40. a5 $142 $14) 40...
Ng6 $4 (40... Nd3 41. Kh6 Nf4 42. Kg7 $11) 41. Bxc5 $4 (41. Bd6 $142 $18) 41...
Nf4+ $11 42. Kh6 Kg4 43. Bd6 Nd5 44. h5 Nf6 45. Kg6 Nxh5 46. Kf7 Nf4 47. Ke8
Nd5 48. Be5 Kf5 49. Bg7 Ke4 50. Kd7 Nb6+ 51. Kc6 Nxa4 52. Kb7 Kd3 {
Attacking the isolated pawn on c3} 53. Kxa6 Nxc3 54. Ka5 Ne2 55. Ba1 Nc1 56.
Kb4 c3 57. Bxc3 1/2-1/2

[Event "SCC Tornado"]
[Site "?"]
[Date "1996.12.21"]
[Round "1"]
[White "Bailey, B."]
[Black "Pullin, T."]
[Result "1-0"]
[WhiteElo "1880"]
[BlackElo "1424"]
[Annotator "Stockfish 14 (15s)"]
[PlyCount "57"]

{C55: Two Knights: 4 d3, 4 d4 exd4 5 e5 and Max Lange Attack} 1. e4 e5 2. Nf3
d6 3. Bc4 Be7 4. O-O Nf6 5. Re1 Nc6 6. c3 Nxe4 $146 (6... Bg4 7. Qb3 (7. h3 Bh5
8. Bb3 (8. d3 O-O (8... Qd7 9. Bb3 g5 10. d4 g4 11. dxe5 gxf3 12. exf6 Rg8 13.
Bxf7+ Bxf7 14. Qxf3 Ne5 15. Qe3 Bxf6 16. Kh2 Nc4 17. Qd3 O-O-O 18. b3 Ne5 19.
Qe3 Kb8 20. f4 Ng6 21. Qf3 Nh4 {0-1 (21) Von Westphalen,C-Dassel,U Germany 1991
}) 9. Nbd2 a6 10. Bb3 Na5 11. Bc2 c5 12. Nf1 Qc7 13. Ng3 Bg6 14. Nh4 Rfe8 15.
Nhf5 Bf8 16. Bg5 Nd7 17. Qd2 Nc6 18. Rac1 Nb6 19. Bb1 Ne7 20. d4 f6 21. Nxe7+
Rxe7 22. Be3 Nc4 {Holler,M-Schulz,W Porz 1990 1/2-1/2}) 8... Qd7 9. Ba4 a6 10.
b4 b5 11. Bc2 a5 12. bxa5 Rxa5 13. Bb2 O-O 14. d4 b4 15. d5 bxc3 16. Bxc3 Nd4
17. Bxa5 Bxf3 18. Qd3 c5 19. dxc6 Qxc6 20. Nc3 Bh5 21. Ba4 Qa8 {
Sergejev,R (2385)-Lardot,D Jyvaskyla 1998 1-0 (42)}) 7... O-O 8. Qxb7 (8. Ng5
Bh5 9. Qxb7 Na5 10. Qa6 Nxc4 11. Qxc4 h6 12. Nf3 Bxf3 13. gxf3 Nh5 14. Kh1 Bh4
15. Qe2 f5 16. d3 d5 17. Rg1 Kh7 18. Be3 fxe4 19. dxe4 d4 20. cxd4 exd4 21. f4
Nxf4 22. Qg4 g5 {Valverde,E-Abreu,D Bento Goncalves 2000 0-1}) 8... Na5 9. Qa6
c6 10. b4 Nxc4 11. Qxc4 Bxf3 12. gxf3 Qd7 13. d4 Qh3 14. Nd2 Nh5 15. Qf1 Qh4
16. Qg2 Nf4 17. Qg3 Qh5 18. Qg4 Qh4 19. Qxh4 Bxh4 20. Rf1 Ne2+ 21. Kg2 {
Wouterson,R-Kleyn,H Alkmaar 1982 1/2-1/2 (38)}) 7. Qb3 $4 (7. Rxe4 $142 d5 8.
Nxe5 Nxe5 9. Bb5+ Bd7 10. Bxd7+ Nxd7 11. Re1 $11) 7... Ng5 $4 (7... Nc5 $142 8.
Qc2 Ne6 $19) 8. Nxg5 $16 Bxg5 9. Bxf7+ Kf8 10. Na3 Qf6 (10... Bf6 $142 11. Bd5
g6 $16) 11. Bd5 $18 Ke7 $4 (11... g6 12. d4 $1 Bxc1 13. Raxc1 Kg7 $16) 12. d4
Bxc1 13. dxe5 (13. Raxc1 $142 Re8 14. Re3 $18) 13... Nxe5 $16 14. Raxc1 (14.
Rexc1 $6 c6 15. Be4 Kd8 $11) 14... c6 (14... Kd8 $142 15. c4 c6 $18) 15. Bc4 $4
(15. f4 $142 Qxf4 16. Nc4 $18) 15... b5 (15... Rf8 $142 $5 16. Qc2 Kd8 $11) 16.
Bf1 Kd8 $4 (16... Rf8 $142 $5 17. Rc2 Be6 $14) 17. Rcd1 (17. c4 $142 Rf8 18.
cxb5 Qxf2+ 19. Kh1 $18) 17... Kc7 $16 18. c4 Rf8 (18... bxc4 19. Qa4 (19. Bxc4
$6 Rb8 20. Qa4 Rxb2 21. Nb5+ cxb5 22. Qxa7+ Bb7 $14) 19... a5 20. Nxc4 (20.
Bxc4 $6 Rf8 21. Qc2 Bg4 22. Nb5+ cxb5 23. Be6+ Kb8 $11) 20... Nxc4 21. Bxc4 $18
) 19. f3 (19. Qg3 $5 bxc4 20. Nxc4 Nxc4 21. Bxc4 h5 $18) 19... bxc4 $16 20.
Nxc4 Nxc4 21. Qxc4 g5 (21... a5 $16) 22. Qe4 (22. b4 $142 Rb8 23. a4 $18) 22...
Bd7 $16 23. Qxh7 Rh8 (23... Rae8 24. Rxe8 Rxe8 25. Qc2 $16) 24. Qe7 (24. Qd3
$142 $16) 24... Qf4 $4 (24... Qh6 $142 25. h3 Rae8 $14) 25. g3 $18 Qxf3 (25...
Qb4 26. Re4 Qc5+ 27. Red4 Rae8 28. Qxd6+ Qxd6 29. Rxd6 Be6 $18) 26. Qxd6+ Kb6 (
26... Kb7 27. Qb4+ Kc7 28. Rxd7+ Kxd7 29. Qe7+ Kc8 30. Ba6+ Kb8 31. Qe5#) 27.
Rd3 (27. Qb4+ Kc7 28. Rxd7+ Kxd7 29. Qe7+ Kc8 30. Ba6+ Kb8 31. Qe5#) 27... Qh5
(27... Qxd3 28. Bxd3 Rhe8 29. Rc1 Rac8 30. Rc3 Re1+ 31. Kf2 Be6 32. Kxe1 Bd5
33. Qb4+ Kc7 34. Qe7+ Kb6 35. Ra3 a5 36. Rxa5 Ra8 37. Rxa8 Bc4 38. Rb8+ Ka5 39.
Qa3#) 28. Rb3+ Ka5 29. Qa3# 1-0

[Event "SCC Tornado"]
[Site "?"]
[Date "1996.12.22"]
[Round "2"]
[White "Roper, D."]
[Black "Bailey, B."]
[Result "1-0"]
[WhiteElo "2212"]
[BlackElo "1880"]
[Annotator "Stockfish 14 (15s)"]
[PlyCount "133"]

{C24: Bishop's Opening: 2...Nf6} 1. e4 e5 2. Bc4 Nf6 3. d3 d5 4. exd5 Nxd5 5.
Nf3 Nc6 6. O-O Be7 7. Re1 Qd6 8. d4 (8. Nc3 Nxc3 9. bxc3 Bg4 10. a4 Qg6 11. Bb5
O-O-O 12. Bxc6 Qxc6 13. Nxe5 Bxd1 14. Nxc6 bxc6 15. Rxd1 Bf6 16. Ra3 Rd5 17.
Be3 Ra5 18. Rb3 Re8 19. c4 Be7 20. Rb2 Bd6 21. g3 f5 22. Bd2 Ra6 {
Leitao,N (1881)-Machado,G (2083) Brazil 2002 1-0}) 8... exd4 9. Nxd4 Nxd4 10.
Qxd4 Nf6 $2 $146 (10... Be6 11. Nd2 (11. Nc3 Nxc3 12. Qxg7 Ne2+ 13. Bxe2 O-O-O
14. Qg3 Qb6 15. Be3 Qxb2 16. Rab1 Qa3 17. Bf3 b6 18. Qf4 Rd7 19. c4 Qd3 20. c5
Qc4 21. cxb6 axb6 22. Qxc4 Bxc4 23. Rec1 b5 24. Bg4 Be6 25. Bxe6 fxe6 {
Levacic,P (2350)-Dabo Peranic,R (2210) Tucepi 1996 1-0 (72)}) 11... O-O 12. Ne4
Qc6 13. Ng5 Bxg5 14. Bxg5 h6 15. Bh4 Nb4 16. Bb3 Nxc2 17. Bxc2 Qxc2 18. Rac1 c5
19. Qxg7+ Kxg7 20. Rxc2 Rac8 21. a3 Rc6 22. f3 Rfc8 23. Kf2 f6 24. Bg3 Rf8 25.
Bf4 {Werner,I (2220)-Kresovic,V Germany 1997 1-0 (59)}) (10... Be6 11. Nc3 Nf6
12. Qxd6 Bxd6 (12... cxd6 $4 13. Bxe6 fxe6 14. Rxe6 $18) 13. Bxe6 fxe6 14.
Rxe6+ Kf7 $18) 11. Qxd6 cxd6 12. Nc3 Be6 13. Bxe6 fxe6 14. Rxe6 Kd7 15. Re2
Rhe8 16. Bf4 (16. Be3 a6 $18) 16... Kc6 (16... Nh5 17. Bd2 Bf6 18. Kf1 $18) 17.
Rd1 Rad8 (17... d5 18. Be5 $18) 18. Red2 d5 19. a3 (19. Be5 $142 a5 20. Rd3 $18
) 19... Ne4 20. Nxe4 dxe4 21. Kf1 (21. a4 $142 $18) 21... Bf6 $4 (21... b5 $142
$18) 22. Rxd8 (22. Rd6+ $142 Rxd6 23. Rxd6+ Kc5 24. b3 $18) 22... Rxd8 23. Rxd8
Bxd8 24. Be5 (24. Be3 a6 25. c4 b5 26. cxb5+ Kxb5 $18) 24... g6 25. Bd4 a6 26.
Ke2 (26. a4 Kd5 27. Bg7 b5 28. axb5 axb5 $16) 26... Kd5 (26... b5 $5 $14) 27.
Be3 $16 b5 28. f4 (28. b3 $142 $16) 28... exf3+ $11 29. Kxf3 Bf6 (29... a5 30.
Bd2 $11) 30. Bc1 (30. b3 Bc3 $14) 30... Be5 31. h3 Bd4 (31... Kc4 $5 $11) 32.
b3 $14 Bc3 $2 (32... Bg7 $142 $14) 33. Ke3 $18 Bg7 34. Kd3 Bf6 35. c4+ bxc4+
36. bxc4+ Kc6 37. Be3 Bb2 38. a4 Bf6 39. Bd4 Be7 40. Ke4 Kd6 $4 (40... Bf8 $18)
41. Bb2 Ke6 42. Be5 Bc5 43. Bd4 Bd6 44. Kd3 (44. c5 $142 Bc7 $18) 44... Bb4 $4
(44... Bf8 45. Ke3 $18) 45. Kc2 (45. Ke4 $142 Kd6 46. Kf4 $18) 45... Be1 46.
Kb3 Kd6 47. Bc3 Bh4 48. Bb4+ Kc6 49. Kc2 Bf6 50. Kd3 Kd7 51. Ke4 Ke6 (51... Kc6
$18) 52. c5 Bh4 53. Kd4 Bf2+ 54. Kc4 Bg1 55. c6 (55. Be1 $142 $5 Bh2 $18) 55...
Bf2 $4 (55... Bh2 56. Kd4 $16) 56. Bc5 (56. c7 Kd7 57. Bd6 Bh4 $18) 56... Be1
$4 (56... Bg3 $142 $16) 57. c7 $18 Kd7 58. Bb6 Bg3 59. a5 $4 (59. Kd5 $142 $18)
59... Bh2 60. Kd5 Bxc7 $4 (60... Bg3 $142 $11) 61. Bxc7 $18 Kxc7 62. h4 (62.
Kc5 g5 63. g3 Kd7 64. Kb6 h5 65. Kxa6 Kc6 66. g4 h4 67. Ka7 Kc7 68. a6 Kc8 69.
Kb6 Kb8 70. Kc6 Ka7 71. Kd5 Kxa6 72. Ke4 Kb6 73. Kf5 Ka5 74. Kxg5 Ka4 75. Kxh4
Ka3 76. g5 Ka4 77. g6 Ka3 78. g7 Kb2 79. g8=Q Kc1 80. Kg3 Kd2 81. h4 Kc3 82. h5
Kb4 83. h6 Ka5 84. h7 Kb5 85. h8=Q Kc5 86. Qe6 Kb4 87. Qb6+ Ka3 88. Qa1#) 62...
h6 $4 (62... Kd7 $142 63. Kc5 Kc7 $11) 63. Kc5 (63. Ke5 g5 64. hxg5 hxg5 65. g4
Kb7 66. Kf6 Kc6 67. Kxg5 Kd5 68. Kf6 Kc5 69. g5 Kb4 70. g6 Kb5 71. g7 Kb4 72.
g8=Q Kxa5 73. Qb8 Ka4 74. Qb6 a5 75. Ke5 Ka3 76. Qxa5+ Kb3 77. Kd4 Kb2 78. Qd2+
Kb3 79. Kc5 Ka3 80. Kc4 Ka4 81. Qb4#) 63... Kd7 (63... g5 64. hxg5 hxg5 65. g4
Kb7 66. Kd5 Kc8 67. Ke5 Kb7 68. Kf5 Kc6 69. Kxg5 Kb5 70. Kf6 Kxa5 71. g5 Kb5
72. g6 Kc5 73. g7 a5 74. g8=Q Kb5 75. Qb8+ Kc5 76. Qb7 a4 77. Qe4 Kb5 78. Kf5
a3 79. Ke5 a2 80. Qe2+ Ka5 81. Qxa2+ Kb5 82. Qd5+ Kb4 83. Kd4 Ka3 84. Kc3 Ka4
85. Qe5 Ka3 86. Qa5#) 64. Kb6 Kd6 (64... g5 65. Kxa6 Kc7 66. h5 g4 67. Kb5 g3
68. Kc5 Kb7 69. Kd6 Ka6 70. Ke7 Kxa5 71. Kf6 Kb4 72. Kg6 Kc3 73. Kxh6 Kb2 74.
Kg7 Ka1 75. h6 Kb2 76. h7 Kc2 77. h8=Q Kc3 78. Qh4 Kb2 79. Qxg3 Kc1 80. Qf2 Kd1
81. g4 Kc1 82. g5 Kb1 83. g6 Ka1 84. Qa2+ Kxa2 85. Kf6 Kb3 86. g7 Ka3 87. g8=Q
Kb4 88. Qc8 Kb5 89. Ke5 Kb4 90. Kd4 Kb3 91. Qc3+ Ka2 92. Qb4 Ka1 93. Kc3 Ka2
94. Qb2#) 65. Kxa6 Kc6 (65... Kc7 66. g4 g5 67. h5 Kc6 68. Ka7 Kc7 69. a6 Kc8
70. Kb6 Kb8 71. Kc6 Ka7 72. Kd6 Kxa6 73. Ke6 Ka5 74. Kf5 Kb4 75. Kg6 Ka4 76.
Kxh6 Ka3 77. Kxg5 Ka4 78. h6 Kb5 79. h7 Ka5 80. h8=Q Kb6 81. Kf5 Kc5 82. g5 Kc6
83. g6 Kb6 84. g7 Ka7 85. g8=Q Kb7 86. Qe6 Ka7 87. Qb8+ Kxb8 88. Qf7 Kc8 89.
Ke5 Kb8 90. Kd6 Ka8 91. Kc7 Ka7 92. Qa2#) 66. g4 g5 (66... Kc7 67. Kb5 Kb7 68.
Kc5 g5 69. h5 Ka6 70. Kd5 Kxa5 71. Ke4 Kb4 72. Kf5 Kc3 73. Kg6 Kc2 74. Kxh6 Kb1
75. Kxg5 Ka2 76. h6 Kb2 77. h7 Kb3 78. h8=Q Kb4 79. Kf5 Kb3 80. g5 Ka3 81. g6
Kb4 82. g7 Kc5 83. g8=Q Kb5 84. Qe6 Ka4 85. Qc4+ Ka3 86. Qhc3#) 67. h5 (67. h5
Kc7 68. Kb5 Kd6 69. Kb6 Ke5 70. Kc5 Kf4 71. a6 Ke3 72. a7 Kf3 73. Kd5 Kxg4 74.
a8=Q Kxh5 75. Qc6 g4 76. Qf6 g3 77. Qg7 Kh4 78. Qxh6+ Kg4 79. Ke4 g2 80. Qh2
Kg5 81. Qxg2+ Kf6 82. Qh3 Kf7 83. Ke5 Kg7 84. Ke6 Kg6 85. Qg2+ Kh5 86. Kf5 Kh4
87. Qh2#) 1-0